000 00423nam a2200121Ia 4500
008 240731s9999 xx 000 0 und d
022 _a1748-6718
245 0 _aComputational and Mathematical Methods in Medicine : An Interdisciplinary Journal of Mathematical, Theoretical and Clinical Aspects of Medicine
260 _bTaylor & Francis
856 _uhttps://www.tandfonline.com/loi/gthm20
942 _2ddc
942 _cTFEJ
999 _c76027
_d76027
945 _a1
_bMadushi Gamage
_c1
_dMadushi Gamage